MARC

LEADER 00000nam0a2200000 4500
001 370590
005 20231102012309.0
035 |a (RuTPU)RU\TPU\retro\27999 
090 |a 370590 
100 |a 20220714d1978 km y0rusy50 ca 
101 0 |a rus 
102 |a RU 
105 |a a z 001zy 
200 1 |a Изменчивость гидрофизических полей в озерах  |e сборник  |f Академия наук СССР, Институт озероведения 
210 |a Ленинград  |c Наука  |d 1978 
215 |a 280 с.  |c ил. 
320 |a Библиография в конце статей 
606 1 |a Озера  |2 stltpush  |3 (RuTPU)RU\TPU\subj\46817  |9 65911 
610 1 |a течения 
610 1 |a изменчивость 
610 1 |a турбулентный обмен 
610 1 |a турбулентная диффузия 
610 1 |a Ладожское озеро 
610 1 |a вода 
610 1 |a циркуляция 
610 1 |a изменяемость 
610 1 |a температура 
610 1 |a электрическое поле 
675 |a 556.55  |v 4 
712 0 2 |a Академия наук СССР  |b Институт озероведения  |c (Ленинград)  |2 stltpush  |3 (RuTPU)RU\TPU\col\11552  |9 25174 
801 1 |a RU  |b 63413507  |c 20220714 
942 |c BK